000 00625nam a2200181Ia 4500
003 GCL
008 140319s9999 xx 000 0 ara d
040 _aGCL /
_cGCL
082 0 4 _a811.2
_bك م
100 1 _aكمال مصطفى
245 1 0 _aمعن بن اوس: حياته وشعره واخباره (هدية من الاديب عبدالفتاح الجمل) /
_cكمال مصطفى
300 _a116 ص
490 _aالهيئة العامة للاستعلامات
_v0
650 0 4 _aالادب العربى
650 0 4 _aالشعر العربى - تاريخ ونقد
650 0 4 _aمعن بن اوس
942 _2ddc
_cBK
999 _c46959
_d46959